[Event "Najdorf Memorial"]
[Site "Warsaw POL"]
[Date "2021.07.11"]
[Round "2.17"]
[White "Malec, Sebastian"]
[Black "Zylka, Stanislaw"]
[Result "0-1"]
[WhiteElo "2090"]
[BlackElo "2362"]
[EventDate "2021.07.10"]
[PlyCount "52"]
[LiveChessVersion "1.4.8"]

1.e4 {[%clk 1:30:57]} 1...c5 {[%clk 1:30:51]} 2.Nf3 {[%clk 1:31:22]} 2...Nc6
{[%clk 1:31:09]} 3.Bb5 {[%clk 1:30:11]} 3...e6 {[%clk 1:31:25]} 4.O-O {[%clk
1:30:03]} 4...Nge7 {[%clk 1:31:43]} 5.c3 {[%clk 1:28:09]} 5...a6 {[%clk
1:30:05]} 6.Bxc6 {[%clk 1:27:40]} 6...Nxc6 {[%clk 1:24:38]} 7.d4 {[%clk
1:27:53]} 7...cxd4 {[%clk 1:22:50]} 8.cxd4 d5 {[%clk 1:22:50]} 9.e5 {[%clk
1:28:42]} 9...Be7 {[%clk 1:21:33]} 10.b3 {[%clk 1:24:45]} 10...Bd7 {[%clk
1:18:45]} 11.Ba3 {[%clk 1:24:54]} 11...Nb4 {[%clk 1:18:37]} 12.h4 {[%clk
1:18:26]} 12...Rc8 {[%clk 1:17:48]} 13.Bxb4 {[%clk 1:14:53]} 13...Bxb4 {[%clk
1:18:06]} 14.a3 {[%clk 1:15:06]} 14...Be7 {[%clk 1:17:27]} 15.h5 {[%clk
1:15:09]} 15...g6 {[%clk 1:14:34]} 16.Nh2 {[%clk 1:12:51]} 16...Qb6 {[%clk
1:13:29]} 17.Ng4 {[%clk 1:02:23]} 17...gxh5 {[%clk 1:10:50]} 18.Nh6 {[%clk
0:50:25]} 18...Rf8 {[%clk 1:06:36]} 19.f4 {[%clk 0:46:55]} 19...Bb5 {[%clk
0:59:20]} 20.Rf3 {[%clk 0:46:26]} 20...Be2 {[%clk 0:58:47]} 21.Qxe2 {[%clk
0:44:46]} 21...Qxd4+ {[%clk 0:59:07]} 22.Kh2 {[%clk 0:45:14]} 22...Qxa1 {[%clk
0:59:04]} 23.Nd2 {[%clk 0:40:21]} 23...Rc1 {[%clk 0:58:06]} 24.Kg3 {[%clk
0:40:39]} 24...Rh1 {[%clk 0:57:58]} 25.Rd3 {[%clk 0:38:21]} 25...Bh4+ {[%clk
0:57:54]} 26.Kf3 {[%clk 0:38:42]} 26...Re1 {[%clk 0:58:03]} 0-1

[Event "Najdorf Memorial"]
[Site "Warsaw POL"]
[Date "2021.07.11"]
[Round "2.18"]
[White "Niedbala, Bartlomiej"]
[Black "Goraj, Barbara"]
[Result "1-0"]
[WhiteElo "2360"]
[BlackElo "2076"]
[EventDate "2021.07.10"]
[PlyCount "193"]
[LiveChessVersion "1.4.8"]

1.e4 {[%clk 1:30:30]} 1...c5 {[%clk 1:30:49]} 2.Nf3 {[%clk 1:28:06]} 2...d6
{[%clk 1:31:10]} 3.Nc3 {[%clk 1:25:33]} 3...Nc6 {[%clk 1:28:54]} 4.d4 {[%clk
1:22:23]} 4...cxd4 {[%clk 1:29:13]} 5.Nxd4 {[%clk 1:22:50]} 5...Nf6 {[%clk
1:29:31]} 6.f3 {[%clk 1:22:31]} 6...e5 {[%clk 1:29:05]} 7.Nb3 {[%clk 1:22:23]}
7...Be7 {[%clk 1:28:59]} 8.Be3 {[%clk 1:22:47]} 8...O-O {[%clk 1:29:16]} 9.Qd2
{[%clk 1:22:51]} 9...a5 {[%clk 1:28:40]} 10.Bb5 {[%clk 1:23:14]} 10...Be6
11.Rd1 {[%clk 1:16:26]} 11...Na7 {[%clk 1:21:35]} 12.Bd3 {[%clk 1:16:19]}
12...Nc6 {[%clk 1:14:03]} 13.a3 {[%clk 1:08:42]} 13...h6 {[%clk 0:44:38]}
14.Qf2 {[%clk 0:58:26]} 14...a4 {[%clk 0:39:53]} 15.Nc1 {[%clk 0:56:40]}
15...Nd7 {[%clk 0:39:01]} 16.N1e2 {[%clk 0:48:38]} 16...Nc5 {[%clk 0:30:11]}
17.O-O {[%clk 0:27:20]} 17...Nxd3 {[%clk 0:29:20]} 18.Rxd3 {[%clk 0:24:48]}
18...Bc4 {[%clk 0:26:31]} 19.Bb6 {[%clk 0:22:32]} 19...Qc8 {[%clk 0:25:45]}
20.Rd2 {[%clk 0:21:44]} 20...Nb8 {[%clk 0:15:45]} 21.Rfd1 {[%clk 0:19:35]}
21...Nd7 {[%clk 0:13:12]} 22.Be3 {[%clk 0:18:40]} 22...Kh7 {[%clk 0:12:52]}
23.Ng3 {[%clk 0:15:17]} 23...g6 {[%clk 0:12:23]} 24.Nd5 {[%clk 0:14:28]}
24...Bxd5 {[%clk 0:09:48]} 25.Rxd5 {[%clk 0:14:50]} 25...Nf6 {[%clk 0:07:49]}
26.R5d3 {[%clk 0:12:29]} 26...Rd8 {[%clk 0:03:09]} 27.Qd2 {[%clk 0:12:37]}
27...Bf8 {[%clk 0:03:28]} 28.Nf1 {[%clk 0:10:51]} 28...Qc6 {[%clk 0:02:04]}
29.Bf2 {[%clk 0:11:18]} 29...Rdc8 {[%clk 0:00:48]} 30.Ne3 {[%clk 0:11:18]}
30...h5 {[%clk 0:00:33]} 31.c3 {[%clk 0:11:02]} 31...Ra5 {[%clk 0:00:34]}
32.Bh4 {[%clk 0:10:52]} 32...Ne8 {[%clk 0:00:35]} 33.Nd5 {[%clk 0:11:07]}
33...Rb5 {[%clk 0:00:43]} 34.Kh1 {[%clk 0:10:52]} 34...Bh6 {[%clk 0:00:36]}
35.Qc2 {[%clk 0:10:54]} 35...Qc4 {[%clk 0:00:45]} 36.Nb4 {[%clk 0:09:17]}
36...Ra8 {[%clk 0:00:34]} 37.h3 {[%clk 0:08:22]} 37...Kg8 {[%clk 0:00:57]}
38.g4 {[%clk 0:08:20]} 38...hxg4 {[%clk 0:00:43]} 39.hxg4 {[%clk 0:08:49]}
39...Bf4 {[%clk 0:00:34]} 40.Kg2 {[%clk 0:38:48]} 40...Kg7 {[%clk 0:30:36]}
41.Qe2 {[%clk 0:34:04]} 41...Rc8 {[%clk 0:16:38]} 42.Kf1 {[%clk 0:31:50]}
42...Qe6 {[%clk 0:07:31]} 43.Rd5 {[%clk 0:31:11]} 43...Rxd5 {[%clk 0:07:18]}
44.Nxd5 {[%clk 0:31:38]} 44...g5 {[%clk 0:03:58]} 45.Bf2 {[%clk 0:30:01]}
45...Nf6 {[%clk 0:03:11]} 46.Ne3 {[%clk 0:29:23]} 46...Bxe3 {[%clk 0:03:29]}
47.Qxe3 {[%clk 0:29:32]} 47...Kg6 {[%clk 0:03:22]} 48.Qd3 {[%clk 0:29:39]}
48...Rc6 {[%clk 0:01:16]} 49.Qb5 {[%clk 0:29:40]} 49...Qc8 {[%clk 0:00:44]}
50.Qxa4 {[%clk 0:29:48]} 50...Nd7 {[%clk 0:00:34]} 51.Qb4 {[%clk 0:26:27]}
51...Qc7 {[%clk 0:00:38]} 52.Rd5 {[%clk 0:26:48]} 52...Nc5 {[%clk 0:00:34]}
53.Bxc5 {[%clk 0:26:41]} 53...dxc5 {[%clk 0:00:33]} 54.Qc4 {[%clk 0:26:56]}
54...Rf6 {[%clk 0:00:35]} 55.Ke2 {[%clk 0:24:54]} 55...b6 {[%clk 0:00:52]}
56.Qd3 {[%clk 0:25:05]} 56...c4 {[%clk 0:00:35]} 57.Qd1 {[%clk 0:25:11]}
57...Kg7 {[%clk 0:00:43]} 58.Qd2 {[%clk 0:23:44]} 58...Rg6 {[%clk 0:00:36]}
59.Rd7 {[%clk 0:23:38]} 59...Qc6 {[%clk 0:00:45]} 60.Qd5 {[%clk 0:24:02]}
60...Qf6 {[%clk 0:01:10]} 61.Kd2 {[%clk 0:14:13]} 61...Rh6 {[%clk 0:00:42]}
62.Kc2 {[%clk 0:14:37]} 62...Rh1 {[%clk 0:00:42]} 63.Qxc4 {[%clk 0:12:17]}
63...Qxf3 {[%clk 0:00:40]} 64.Qd5 {[%clk 0:09:45]} 64...Qf4 {[%clk 0:00:36]}
65.Re7 {[%clk 0:09:17]} 65...Rg1 {[%clk 0:00:34]} 66.Rxe5 {[%clk 0:07:50]}
66...Rxg4 {[%clk 0:00:44]} 67.Rf5 {[%clk 0:07:40]} 67...Qxe4+ {[%clk 0:00:53]}
68.Qxe4 {[%clk 0:08:09]} 68...Rxe4 {[%clk 0:01:16]} 69.Rxg5+ {[%clk 0:08:38]}
69...Kf6 {[%clk 0:00:51]} 70.Rb5 {[%clk 0:09:06]} 70...Re6 {[%clk 0:01:07]}
71.b4 {[%clk 0:09:35]} 71...Ke7 {[%clk 0:00:37]} 72.a4 {[%clk 0:10:02]}
72...Kd7 {[%clk 0:00:36]} 73.a5 bxa5 {[%clk 0:00:44]} 74.Rxa5 {[%clk 0:10:58]}
74...Rf6 {[%clk 0:00:34]} 75.Ra7+ {[%clk 0:11:13]} 75...Kc8 {[%clk 0:00:59]}
76.Kb3 {[%clk 0:10:33]} 76...Rf1 {[%clk 0:00:50]} 77.Kc4 {[%clk 0:09:50]}
77...Rf4+ {[%clk 0:00:33]} 78.Kd5 {[%clk 0:09:21]} 78...Rf5+ {[%clk 0:00:49]}
79.Ke4 {[%clk 0:09:47]} 79...Rf1 {[%clk 0:01:13]} 80.Ra5 {[%clk 0:08:26]}
80...Rc1 {[%clk 0:00:40]} 81.Kd4 {[%clk 0:08:43]} 81...Kd7 {[%clk 0:00:35]}
82.Ra7+ {[%clk 0:08:56]} 82...Ke6 {[%clk 0:00:56]} 83.c4 {[%clk 0:09:18]}
83...f5 {[%clk 0:01:01]} 84.Ra6+ {[%clk 0:09:13]} 84...Ke7 {[%clk 0:01:09]}
85.b5 {[%clk 0:06:19]} 85...f4 {[%clk 0:00:35]} 86.Ra3 {[%clk 0:06:08]}
86...Ke6 {[%clk 0:00:33]} 87.Kc5 {[%clk 0:06:01]} 87...Ke5 {[%clk 0:00:35]}
88.b6 {[%clk 0:05:58]} 88...Rb1 {[%clk 0:00:33]} 89.Ra8 {[%clk 0:05:00]}
89...Ke4 {[%clk 0:00:34]} 90.Kc6 {[%clk 0:04:52]} 90...f3 {[%clk 0:00:45]}
91.Rf8 {[%clk 0:05:19]} 91...Rb4 {[%clk 0:00:37]} 92.c5 {[%clk 0:05:46]}
92...Ke3 {[%clk 0:01:01]} 93.b7 {[%clk 0:06:05]} 93...f2 {[%clk 0:01:17]}
94.Rxf2 {[%clk 0:06:17]} 94...Kxf2 {[%clk 0:01:42]} 95.Kc7 {[%clk 0:06:46]}
95...Ke3 {[%clk 0:01:51]} 96.b8=Q {[%clk 0:07:08]} 96...Rxb8 {[%clk 0:02:14]}
97.Kxb8 {[%clk 0:07:36]} 1-0

[Event "Najdorf Memorial"]
[Site "Warsaw POL"]
[Date "2021.07.11"]
[Round "2.19"]
[White "Mohammadi Nia, Borna"]
[Black "Lukasiewicz, Krzysztof"]
[Result "0-1"]
[WhiteElo "2079"]
[BlackElo "2359"]
[EventDate "2021.07.10"]
[PlyCount "94"]
[LiveChessVersion "1.4.8"]

1.e4 d6 2.d4 Nf6 3.Nc3 g6 4.Nf3 Bg7 5.h3 O-O 6.Bd3 Nbd7 7.O-O c6 8.Ne2 Qc7
9.Ng3 Re8 10.Be3 e5 11.c3 d5 12.dxe5 Nxe4 13.Nxe4 dxe4 14.Bxe4 Nxe5 15.Bf4
Nxf3+ 16.Qxf3 Qb6 17.Rae1 Be6 18.b3 Qa5 19.c4 Qxa2 20.Bd6 Rad8 21.Re2 Qa5
22.Qg3 Rd7 23.Rfe1 Red8 24.b4 Qb6 25.Rd2 Qa6 26.c5 Qc4 27.Bd3 Qxb4 28.Rde2 Rxd6
29.cxd6 Qxd6 30.Qxd6 Rxd6 31.Be4 Kf8 32.f4 a5 33.Rb1 b6 34.Kf2 a4 35.Rb4 b5
36.g4 Bc3 37.Rb1 a3 38.Rc1 Bd4+ 39.Kf3 a2 40.Rd2 f5 41.gxf5 gxf5 42.Bxf5 Bxf5
43.Rxa2 b4 44.Ra8+ Kf7 45.Rb8 c5 46.Rb7+ Kf6 47.Re1 Re6 0-1

[Event "Najdorf Memorial"]
[Site "Warsaw POL"]
[Date "2021.07.11"]
[Round "2.20"]
[White "Kacprzak, Kacper"]
[Black "Suvorov, Alexander"]
[Result "1/2-1/2"]
[WhiteElo "2075"]
[BlackElo "2353"]
[EventDate "2021.07.10"]
[PlyCount "61"]
[LiveChessVersion "1.4.8"]

1.d4 Nf6 2.c4 e6 3.Nf3 d5 4.Nc3 Bb4 5.Bg5 h6 6.Bxf6 Qxf6 7.e3 O-O 8.Rc1 Nc6
9.Qb3 dxc4 10.Bxc4 Bd7 11.O-O Qe7 12.Be2 Rab8 13.Rfd1 Rfd8 14.a3 Ba5 15.Qc2
Rbc8 16.Ne4 Bb6 17.Nc5 Rb8 18.h4 Be8 19.Qe4 e5 20.Nxe5 Nxe5 21.Qxe5 Qxh4 22.Bf3
c6 23.Na4 Qg5 24.Qxg5 hxg5 25.d5 Bc7 26.dxc6 Rxd1+ 27.Rxd1 bxc6 28.Rc1 Be5
29.b4 Rd8 30.g3 Rd3 31.Bxc6 1/2-1/2

[Event "Najdorf Memorial"]
[Site "Warsaw POL"]
[Date "2021.07.11"]
[Round "2.21"]
[White "Deszczynski, Adam"]
[Black "Grzesik, Gracjan"]
[Result "1/2-1/2"]
[WhiteElo "2311"]
[BlackElo "2063"]
[EventDate "2021.07.10"]
[PlyCount "85"]
[LiveChessVersion "1.4.8"]

1.d4 {[%clk 1:30:15]} 1...Nf6 {[%clk 1:30:52]} 2.c4 {[%clk 1:30:14]} 2...e6
{[%clk 1:31:15]} 3.Nf3 {[%clk 1:29:31]} 3...b6 4.a3 Bb7 {[%clk 1:29:47]} 5.Nc3
{[%clk 1:26:01]} 5...d5 {[%clk 1:24:33]} 6.cxd5 {[%clk 1:22:26]} 6...exd5
{[%clk 1:23:26]} 7.g3 {[%clk 1:20:04]} 7...Be7 {[%clk 1:23:10]} 8.Bg2 {[%clk
1:19:33]} 8...O-O {[%clk 1:22:33]} 9.O-O {[%clk 1:19:19]} 9...c5 {[%clk
1:17:23]} 10.Bf4 {[%clk 1:15:18]} 10...Na6 {[%clk 1:10:00]} 11.Rc1 {[%clk
1:06:19]} 11...Nc7 {[%clk 1:03:40]} 12.dxc5 {[%clk 0:57:35]} 12...bxc5 {[%clk
1:03:07]} 13.Qb3 {[%clk 0:56:31]} 13...Qc8 {[%clk 0:53:20]} 14.Rfd1 {[%clk
0:50:26]} 14...d4 {[%clk 0:41:02]} 15.Na4 {[%clk 0:36:36]} 15...Bd5 {[%clk
0:35:58]} 16.Qc2 {[%clk 0:30:24]} 16...Ne6 {[%clk 0:33:15]} 17.Bh3 {[%clk
0:24:41]} 17...d3 {[%clk 0:15:48]} 18.Rxd3 {[%clk 0:21:40]} 18...Be4 {[%clk
0:14:27]} 19.Be3 {[%clk 0:14:27]} 19...Qa6 {[%clk 0:08:12]} 20.Qc4 {[%clk
0:11:09]} 20...Qxc4 {[%clk 0:07:35]} 21.Rxc4 {[%clk 0:11:31]} 21...Bxd3 {[%clk
0:07:58]} 22.exd3 {[%clk 0:11:59]} 22...Rfd8 {[%clk 0:03:14]} 23.Ne5 {[%clk
0:08:39]} 23...Rac8 {[%clk 0:03:04]} 24.Bxe6 {[%clk 0:06:44]} 24...fxe6 {[%clk
0:03:33]} 25.Bxc5 {[%clk 0:06:32]} 25...Bxc5 {[%clk 0:02:57]} 26.Nxc5 {[%clk
0:06:28]} 26...Rd5 {[%clk 0:01:48]} 27.d4 {[%clk 0:06:46]} 27...Nd7 {[%clk
0:00:38]} 28.Nexd7 {[%clk 0:05:56]} 28...Rxd7 {[%clk 0:01:01]} 29.Ra4 {[%clk
0:05:13]} 29...Re7 {[%clk 0:00:43]} 30.f4 {[%clk 0:03:24]} 30...Rb8 {[%clk
0:00:37]} 31.b3 {[%clk 0:03:38]} 31...Rd8 {[%clk 0:00:34]} 32.h4 {[%clk
0:03:14]} 32...h6 {[%clk 0:00:41]} 33.Kf2 {[%clk 0:02:59]} 33...g5 {[%clk
0:00:45]} 34.hxg5 {[%clk 0:02:56]} 34...hxg5 {[%clk 0:01:13]} 35.Ke3 {[%clk
0:03:05]} 35...gxf4+ {[%clk 0:00:51]} 36.gxf4 {[%clk 0:03:16]} 36...Kf7 {[%clk
0:00:39]} 37.Ra6 {[%clk 0:01:55]} 37...Rb8 {[%clk 0:00:36]} 38.Ke4 {[%clk
0:01:09]} 38...Rb6 {[%clk 0:00:48]} 39.b4 {[%clk 0:01:00]} 39...Rxa6 {[%clk
0:00:33]} 40.Nxa6 {[%clk 0:31:28]} 40...Rd7 {[%clk 0:30:35]} 41.Nc5 {[%clk
0:24:21]} 41...Rd8 {[%clk 0:29:15]} 42.b5 {[%clk 0:23:34]} 42...Kf6 {[%clk
0:25:33]} 43.a4 {[%clk 0:22:53]} 1/2-1/2

[Event "Najdorf Memorial"]
[Site "Warsaw POL"]
[Date "2021.07.11"]
[Round "2.22"]
[White "Klim, Filip"]
[Black "Nowak, Mikolaj"]
[Result "0-1"]
[WhiteElo "2062"]
[BlackElo "2310"]
[EventDate "2021.07.10"]
[PlyCount "132"]
[LiveChessVersion "1.4.8"]

1.e4 {[%clk 1:30:57]} 1...e5 {[%clk 1:30:54]} 2.Nf3 {[%clk 1:31:22]} 2...Nc6
{[%clk 1:31:20]} 3.Bc4 {[%clk 1:31:45]} 3...Bc5 {[%clk 1:31:43]} 4.c3 {[%clk
1:32:00]} 4...Nf6 {[%clk 1:32:06]} 5.d3 {[%clk 1:32:22]} 5...Bb6 {[%clk
1:32:30]} 6.Bb3 {[%clk 1:30:47]} 6...O-O 7.Nbd2 {[%clk 1:27:32]} 7...d6 {[%clk
1:31:15]} 8.h3 {[%clk 1:26:43]} 8...Ne7 {[%clk 1:30:49]} 9.Nc4 {[%clk 1:17:53]}
9...Ng6 {[%clk 1:30:28]} 10.O-O {[%clk 1:16:15]} 10...h6 {[%clk 1:27:08]} 11.a4
{[%clk 1:13:49]} 11...c6 {[%clk 1:27:10]} 12.Nxb6 {[%clk 1:08:39]} 12...axb6
{[%clk 1:26:39]} 13.Re1 {[%clk 1:08:27]} 13...Re8 {[%clk 1:26:08]} 14.Be3
{[%clk 1:04:45]} 14...c5 {[%clk 1:20:36]} 15.Qc2 {[%clk 0:54:55]} 15...Nh5
{[%clk 1:14:11]} 16.d4 {[%clk 0:52:11]} 16...Qf6 {[%clk 1:11:01]} 17.dxe5
{[%clk 0:49:31]} 17...dxe5 {[%clk 1:10:51]} 18.Nh2 {[%clk 0:46:53]} 18...Nhf4
{[%clk 1:07:19]} 19.Kh1 {[%clk 0:41:47]} 19...Bd7 {[%clk 1:02:32]} 20.Bc4
{[%clk 0:40:05]} 20...Red8 {[%clk 0:57:36]} 21.b3 {[%clk 0:36:55]} 21...h5
{[%clk 0:50:19]} 22.Rad1 {[%clk 0:34:16]} 22...Bc6 {[%clk 0:49:46]} 23.Bf1
{[%clk 0:31:03]} 23...Rac8 {[%clk 0:42:54]} 24.g3 {[%clk 0:28:25]} 24...Ne6
{[%clk 0:42:48]} 25.h4 {[%clk 0:27:06]} 25...Ne7 {[%clk 0:38:10]} 26.Bg2 {[%clk
0:23:58]} 26...g5 {[%clk 0:27:57]} 27.Nf3 {[%clk 0:18:44]} 27...gxh4 {[%clk
0:24:33]} 28.Nxh4 {[%clk 0:18:04]} 28...Ng6 {[%clk 0:23:57]} 29.Nf5 {[%clk
0:15:16]} 29...Ng7 {[%clk 0:23:00]} 30.Nxg7 {[%clk 0:14:12]} 30...Kxg7 {[%clk
0:22:52]} 31.Qc1 {[%clk 0:11:53]} 31...Rh8 {[%clk 0:20:38]} 32.Bg5 {[%clk
0:07:00]} 32...Qe6 {[%clk 0:20:08]} 33.c4 {[%clk 0:06:43]} 33...h4 {[%clk
0:18:26]} 34.Bxh4 {[%clk 0:05:43]} 34...Nxh4 {[%clk 0:16:08]} 35.gxh4 {[%clk
0:06:12]} 35...Rxh4+ {[%clk 0:15:59]} 36.Kg1 {[%clk 0:06:39]} 36...Qg6 {[%clk
0:15:11]} 37.Rd3 {[%clk 0:04:59]} 37...Rg4 {[%clk 0:13:57]} 38.Rg3 {[%clk
0:05:21]} 38...Rxg3 {[%clk 0:13:46]} 39.fxg3 {[%clk 0:05:47]} 39...Rd8 {[%clk
0:11:40]} 40.Qe3 {[%clk 0:32:36]} 40...Rd4 {[%clk 0:40:23]} 41.Qf3 {[%clk
0:21:46]} 41...f6 {[%clk 0:38:58]} 42.Re3 {[%clk 0:19:47]} 42...Bd7 {[%clk
0:37:12]} 43.Rd3 {[%clk 0:14:20]} 43...Qg5 {[%clk 6:03:20]} 44.Qe3 {[%clk
0:13:47]} 44...Kg6 {[%clk 0:35:10]} 45.Qxg5+ {[%clk 0:12:56]} 45...Kxg5 {[%clk
0:35:05]} 46.Re3 {[%clk 0:11:31]} 46...Bg4 {[%clk 0:34:50]} 47.Kf2 {[%clk
0:08:42]} 47...Rd2+ {[%clk 0:34:52]} 48.Kf1 {[%clk 0:08:39]} 48...Rb2 {[%clk
0:30:03]} 49.Bf3 {[%clk 0:07:54]} 49...Bxf3 {[%clk 0:22:13]} 50.Rxf3 {[%clk
0:08:20]} 50...Kg4 {[%clk 0:22:37]} 51.Rd3 {[%clk 0:07:03]} 51...f5 {[%clk
0:21:10]} 52.exf5 {[%clk 0:06:05]} 52...Kxf5 {[%clk 0:21:24]} 53.Rd7 {[%clk
0:05:56]} 53...Rxb3 {[%clk 0:21:20]} 54.Rxb7 {[%clk 0:06:23]} 54...Rb4 {[%clk
0:21:00]} 55.Ke2 {[%clk 0:06:05]} 55...Ke4 {[%clk 0:21:08]} 56.Rb8 {[%clk
0:05:44]} 56...Rb2+ {[%clk 0:18:09]} 57.Kd1 {[%clk 0:05:39]} 57...Kd3 {[%clk
0:18:23]} 58.Kc1 {[%clk 0:05:24]} 58...Rb4 {[%clk 0:18:43]} 59.g4 {[%clk
0:04:17]} 59...Rxc4+ {[%clk 0:18:50]} 60.Kb2 {[%clk 0:04:37]} 60...Rxg4 {[%clk
0:18:29]} 61.Rxb6 {[%clk 0:04:54]} 61...Rxa4 {[%clk 0:18:44]} 62.Rb3+ {[%clk
0:04:33]} 62...Kd2 {[%clk 0:18:49]} 63.Rh3 {[%clk 0:04:47]} 63...Rb4+ {[%clk
0:19:06]} 64.Ka3 {[%clk 0:05:09]} 64...e4 {[%clk 0:19:17]} 65.Rh5 {[%clk
0:05:01]} 65...e3 {[%clk 0:19:07]} 66.Rxc5 {[%clk 0:05:17]} 66...Rd4 {[%clk
0:18:54]} 0-1

[Event "Najdorf Memorial"]
[Site "Warsaw POL"]
[Date "2021.07.11"]
[Round "2.23"]
[White "Choroszej, Aleksander"]
[Black "Reza, Wojciech"]
[Result "0-1"]
[WhiteElo "2052"]
[BlackElo "2304"]
[EventDate "2021.07.10"]
[PlyCount "60"]
[LiveChessVersion "1.4.8"]

1.d4 {[%clk 1:30:54]} 1...d5 {[%clk 1:30:20]} 2.c4 {[%clk 1:31:17]} 2...e6
{[%clk 1:30:45]} 3.Nc3 {[%clk 1:31:41]} 3...Nf6 {[%clk 1:29:51]} 4.Nf3 {[%clk
1:31:55]} 4...c6 {[%clk 1:29:54]} 5.e3 {[%clk 1:31:38]} 5...Nbd7 6.Qc2 Bd6
{[%clk 1:28:58]} 7.Bd3 {[%clk 1:31:28]} 7...dxc4 {[%clk 1:28:17]} 8.Bxc4 {[%clk
1:31:47]} 8...O-O {[%clk 1:28:11]} 9.O-O {[%clk 1:31:46]} 9...a6 {[%clk
1:28:05]} 10.e4 {[%clk 1:25:20]} 10...e5 {[%clk 1:27:54]} 11.h3 {[%clk 1:25:37]}
11...b5 {[%clk 1:20:16]} 12.Be2 {[%clk 1:21:56]} 12...Re8 {[%clk 1:13:45]}
13.Be3 {[%clk 1:14:42]} 13...Qc7 {[%clk 1:07:14]} 14.a3 {[%clk 1:00:50]}
14...Bb7 {[%clk 1:00:02]} 15.Rfd1 {[%clk 0:56:47]} 15...exd4 {[%clk 0:39:53]}
16.Nxd4 {[%clk 0:53:49]} 16...c5 {[%clk 0:36:54]} 17.Nf5 {[%clk 0:53:34]}
17...Bh2+ {[%clk 0:28:22]} 18.Kh1 {[%clk 0:53:58]} 18...Nxe4 {[%clk 0:23:28]}
19.Nd5 {[%clk 0:28:08]} 19...Bxd5 {[%clk 0:21:10]} 20.Rxd5 {[%clk 0:28:31]}
20...Ndf6 {[%clk 0:16:45]} 21.Rdd1 {[%clk 0:28:41]} 21...Bf4 {[%clk 0:15:56]}
22.Bf3 {[%clk 0:27:40]} 22...Rac8 {[%clk 0:13:08]} 23.Rac1 {[%clk 0:24:30]}
23...g6 {[%clk 0:11:56]} 24.Bxf4 {[%clk 0:07:39]} 24...Qxf4 {[%clk 0:12:18]}
25.Ne3 {[%clk 0:08:05]} 25...Nxf2+ {[%clk 0:11:39]} 26.Qxf2 {[%clk 0:08:28]}
26...Rxe3 {[%clk 0:11:52]} 27.Re1 {[%clk 0:08:49]} 27...Rce8 {[%clk 0:09:41]}
28.Rxe3 {[%clk 0:08:15]} 28...Rxe3 {[%clk 0:09:59]} 29.Rxc5 {[%clk 0:07:49]}
29...Ne4 {[%clk 0:10:21]} 30.Rc8+ {[%clk 0:08:10]} 30...Kg7 {[%clk 0:10:45]} 0-1

[Event "Najdorf Memorial"]
[Site "Warsaw POL"]
[Date "2021.07.11"]
[Round "2.24"]
[White "Seemann, Jakub"]
[Black "Derylo, Kamil"]
[Result "1/2-1/2"]
[WhiteElo "2300"]
[BlackElo "2062"]
[EventDate "2021.07.10"]
[PlyCount "77"]
[LiveChessVersion "1.4.8"]

1.d4 {[%clk 1:30:54]} 1...Nf6 {[%clk 1:30:37]} 2.c4 {[%clk 1:31:19]} 2...g6
{[%clk 1:31:00]} 3.Nf3 {[%clk 1:30:47]} 3...Bg7 {[%clk 1:31:20]} 4.g3 {[%clk
1:31:07]} 4...c6 {[%clk 1:31:34]} 5.Bg2 {[%clk 1:29:23]} 5...d5 6.Qb3 {[%clk
1:27:28]} 6...a5 {[%clk 1:30:58]} 7.cxd5 {[%clk 1:21:11]} 7...a4 {[%clk
1:31:15]} 8.Qd1 {[%clk 1:21:12]} 8...cxd5 {[%clk 1:31:37]} 9.Nc3 {[%clk
1:21:18]} 9...Qa5 {[%clk 1:30:52]} 10.Bd2 {[%clk 1:19:49]} 10...Nc6 {[%clk
1:25:11]} 11.O-O {[%clk 1:16:47]} 11...O-O {[%clk 1:23:16]} 12.a3 {[%clk
1:03:07]} 12...Rd8 {[%clk 1:18:57]} 13.b3 {[%clk 1:02:16]} 13...axb3 {[%clk
1:16:02]} 14.Qxb3 {[%clk 1:02:38]} 14...Qa6 {[%clk 1:12:31]} 15.e3 {[%clk
0:53:53]} 15...Bf5 {[%clk 1:05:28]} 16.Rfc1 {[%clk 0:39:52]} 16...Bd3 {[%clk
1:00:05]} 17.Be1 {[%clk 0:29:06]} 17...e6 {[%clk 0:55:23]} 18.a4 {[%clk
0:26:22]} 18...Ne4 {[%clk 0:45:25]} 19.Nb5 {[%clk 0:23:43]} 19...Bc4 {[%clk
0:40:24]} 20.Qb1 {[%clk 0:23:39]} 20...Bxb5 {[%clk 0:35:12]} 21.axb5 {[%clk
0:23:09]} 21...Qxa1 {[%clk 0:35:35]} 22.Qxa1 {[%clk 0:23:38]} 22...Rxa1 {[%clk
0:35:56]} 23.Rxa1 {[%clk 0:24:04]} 23...Ne7 {[%clk 0:36:08]} 24.Bb4 {[%clk
0:20:47]} 24...Nf5 {[%clk 0:33:30]} 25.Bf1 {[%clk 0:19:25]} 25...Bf8 {[%clk
0:31:57]} 26.Be1 {[%clk 0:19:43]} 26...Rc8 {[%clk 0:28:22]} 27.Bd3 {[%clk
0:19:30]} 27...Nfd6 {[%clk 0:27:17]} 28.Kg2 {[%clk 0:18:17]} 28...Nc4 {[%clk
0:23:02]} 29.Ra7 {[%clk 0:17:36]} 29...Ned6 {[%clk 0:22:21]} 30.Bb4 {[%clk
0:10:00]} 30...Nxb5 {[%clk 0:20:07]} 31.Rxb7 {[%clk 0:10:25]} 31...Bxb4 {[%clk
0:19:47]} 32.Rxb5 {[%clk 0:10:51]} 32...Bd6 {[%clk 0:18:53]} 33.Rb7 {[%clk
0:09:52]} 33...h6 {[%clk 0:17:27]} 34.Rd7 {[%clk 0:08:54]} 34...Bc7 {[%clk
0:13:12]} 35.Bxc4 {[%clk 0:05:16]} 35...dxc4 {[%clk 0:13:40]} 36.d5 {[%clk
0:05:01]} 36...c3 {[%clk 0:07:04]} 37.Ne1 {[%clk 0:05:01]} 37...exd5 {[%clk
0:05:33]} 38.Rxd5 {[%clk 0:05:24]} 38...Bxg3 {[%clk 0:05:02]} 39.hxg3 {[%clk
0:05:49]} 1/2-1/2

[Event "Najdorf Memorial"]
[Site "Warsaw POL"]
[Date "2021.07.11"]
[Round "2.25"]
[White "Dalkowski, Rafal"]
[Black "Chylewski, Patryk"]
[Result "1/2-1/2"]
[WhiteElo "1980"]
[BlackElo "2290"]
[EventDate "2021.07.10"]
[PlyCount "62"]
[LiveChessVersion "1.4.8"]

1.d4 {[%clk 1:30:58]} 1...Nf6 {[%clk 1:30:55]} 2.c4 {[%clk 1:31:24]} 2...c5
{[%clk 1:31:22]} 3.d5 {[%clk 1:31:34]} 3...b5 {[%clk 1:31:49]} 4.cxb5 {[%clk
1:31:34]} 4...a6 {[%clk 1:32:16]} 5.e3 {[%clk 1:30:58]} 5...axb5 {[%clk
1:32:01]} 6.Bxb5 {[%clk 1:31:05]} 6...Qa5+ {[%clk 1:32:26]} 7.Nc3 {[%clk
1:31:29]} 7...Bb7 {[%clk 1:32:49]} 8.Bd2 {[%clk 1:31:40]} 8...Qb6 {[%clk
1:32:17]} 9.Qf3 Na6 {[%clk 1:30:10]} 10.Nge2 {[%clk 1:25:40]} 10...Nb4 {[%clk
1:28:58]} 11.O-O {[%clk 1:25:43]} 11...Nbxd5 {[%clk 1:26:54]} 12.e4 {[%clk
1:23:53]} 12...Nc7 {[%clk 1:25:00]} 13.Bc4 {[%clk 1:19:10]} 13...g6 {[%clk
1:21:46]} 14.Nd5 {[%clk 1:07:52]} 14...Ncxd5 {[%clk 1:21:26]} 15.exd5 {[%clk
1:07:32]} 15...Bg7 {[%clk 1:10:29]} 16.Bc3 {[%clk 1:05:40]} 16...O-O {[%clk
1:10:25]} 17.Rfe1 {[%clk 1:03:53]} 17...d6 {[%clk 1:06:22]} 18.Ng3 {[%clk
0:58:20]} 18...e5 {[%clk 1:05:19]} 19.a4 {[%clk 0:50:58]} 19...Ba6 {[%clk
1:04:35]} 20.a5 {[%clk 0:50:29]} 20...Qb7 {[%clk 1:03:52]} 21.Bxa6 {[%clk
0:49:05]} 21...Rxa6 {[%clk 1:04:12]} 22.Ne4 {[%clk 0:47:50]} 22...Nxe4 {[%clk
1:01:38]} 23.Qxe4 {[%clk 0:47:01]} 23...Qb5 {[%clk 1:01:30]} 24.Qa4 {[%clk
0:42:04]} 24...Rb8 {[%clk 1:01:07]} 25.Reb1 {[%clk 0:36:42]} 25...Qxa4 {[%clk
0:57:46]} 26.Rxa4 {[%clk 0:36:57]} 26...e4 {[%clk 0:57:29]} 27.Bd2 {[%clk
0:29:43]} 27...f5 {[%clk 0:49:09]} 28.b4 {[%clk 0:29:09]} 28...Rb5 {[%clk
0:49:33]} 29.Kf1 {[%clk 0:22:12]} 29...Bd4 {[%clk 0:43:48]} 30.Ke2 {[%clk
0:20:53]} 30...Kg7 {[%clk 0:43:09]} 31.f4 {[%clk 0:16:11]} 31...Kf6 {[%clk
0:33:58]} 1/2-1/2